Nintendofan996 Quiz - Statistics

General Stats
  • This quiz has been taken 14 times
  • The average score is 5 of 17
Answer Stats
Subject quiz Answer % Correct
what my tiktok username? Nintendofan996
83%
what gender i am? Male
75%
what color do i like? Yellow
75%
i wanna be the very best like no one ever was Pokemon
58%
how many times i appear in smg4? 3
42%
who own pikachu? Ash Ketchum
42%
who say ( Shut Up Meg) Peter Griffin
33%
what my favourite tv show? Family Guy
25%
who say ( no no no no no no!!!) Cleveland Brown
17%
what is my favourite pokemon in let's go eevee and sun and moon Jigglypuff And Ribombee
8%
what my youtube username? Nintendofan996 The Gamer
8%
what is my favourite pokemon in sword and shield? Oddish
8%
screw you krabs Sheldon Plankton
8%
what my roblox username ? xboxfan996_alt
8%
what quote do i like currently? get in loser we're going shopping
0%
what quote do i like in the past? mwhahahaha not funny
0%
z-moves of nintendofan996 Shattered Psyche
0%
No matching quizzes found
Score Distribution
Percent of People with Each Score
Percentile by Number Answered
Your Score History
You have not taken this quiz